Statistics for Capitals and States of the United States

Click here to take the quiz!

General Stats

  • This quiz has been taken 449 times
  • The average score is 80 of 101

Answers on the Map

Answers color-coded by a green-red scale on the quiz's map according to % correct below.
 

Answer Stats

Answer% Correct
Washington
95%
California
94%
Texas
94%
Alaska
92%
Florida
92%
Nevada
91%
Oklahoma
91%
Arizona
90%
Austin
90%
New Mexico
90%
Colorado
89%
Hawaii
89%
Idaho
89%
Montana
89%
New York
89%
Oregon
89%
Alabama
88%
Georgia
88%
Louisiana
88%
North Dakota
88%
South Dakota
88%
Utah
88%
Michigan
87%
Arkansas
86%
Illinois
86%
Indiana
86%
Maine
86%
Sacramento
86%
Virginia
86%
Kentucky
85%
Maryland
85%
North Carolina
85%
South Carolina
85%
Massachusetts
84%
Mississippi
84%
New Hampshire
84%
Ohio
84%
Phoenix
84%
Tennessee
84%
Honolulu
83%
Minnesota
83%
Nebraska
83%
New Jersey
83%
Vermont
83%
West Virginia
83%
Wisconsin
83%
Wyoming
83%
Connecticut
82%
Iowa
82%
Kansas
82%
Pennsylvannia
82%
Salt Lake City
81%
Denver
80%
Missouri
80%
Oklahoma City
80%
Tallahassee
80%
Olympia
79%
Atlanta
78%
Boise
78%
Boston
78%
Juneau
78%
Santa Fe
78%
Delaware
77%
Indianapolis
77%
Albany
76%
Baton Rouge
76%
Rhode Island
75%
Carson City
73%
Columbus
73%
Little Rock
73%
Augusta
72%
Helena
72%
Nashville
72%
Salem
72%
Springfield
72%
Des Moines
70%
Jackson
69%
Lincoln
69%
Annapolis
68%
Frankfort
68%
Cheyenne
67%
Montgomery
67%
Providence
67%
Raleigh
67%
St. Paul
67%
Charleston
66%
Columbia
66%
Harrisburg
66%
Madison
66%
Bismarck
65%
Dover
65%
Montpelier
65%
Pierre
65%
Richmond
65%
Topeka
65%
Trenton
65%
Hartford
64%
Lansing
64%
Washington D.C.
61%
Jefferson City
59%
Concord
57%

Score Distribution

Percentile by Number Answered

Percent of People with Each Score

Your Score History

You have not taken this quiz